MARC details
| 000 -LEADER |
| fixed length control field |
02318nam a22003617a 4500 |
| 001 - CONTROL NUMBER |
| control field |
103824 |
| 003 - CONTROL NUMBER IDENTIFIER |
| control field |
KnowledgeUnlatched |
| 005 - DATE AND TIME OF LATEST TRANSACTION |
| control field |
20210303104956.0 |
| 006 - FIXED-LENGTH DATA ELEMENTS--ADDITIONAL MATERIAL CHARACTERISTICS |
| fixed length control field |
m o d |
| 007 - PHYSICAL DESCRIPTION FIXED FIELD--GENERAL INFORMATION |
| fixed length control field |
cr u|||||||||| |
| 008 - FIXED-LENGTH DATA ELEMENTS--GENERAL INFORMATION |
| fixed length control field |
210129p20172020cou o u00| u eng d |
| 037 ## - SOURCE OF ACQUISITION |
| Institution to which field applies |
BiblioBoard |
| 020 ## - INTERNATIONAL STANDARD BOOK NUMBER |
| International Standard Book Number |
9781646420681 |
| 024 8# - OTHER STANDARD IDENTIFIER |
| Standard number or code |
https://doi.org/10.2307/j.ctt1vgwb85 |
| 029 1# - OTHER SYSTEM CONTROL NUMBER (OCLC) |
| OCLC library identifier |
https://library.biblioboard.com/ext/api/media/c7369cdc-91a3-4dc1-9b86-639d0ff1279e/assets/thumbnail.jpg |
| 040 ## - CATALOGING SOURCE |
| Original cataloging agency |
ScCtBLL |
| Transcribing agency |
ScCtBLL |
| 100 1# - MAIN ENTRY--PERSONAL NAME |
| Personal name |
Montgomery, Michelle R. |
| Relator term |
author. |
| 245 00 - TITLE STATEMENT |
| Title |
Identity Politics of Difference |
| Remainder of title |
The Mixed-Race American Indian Experience / |
| Statement of responsibility, etc. |
Michelle R. Montgomery. |
| 264 #1 - PRODUCTION, PUBLICATION, DISTRIBUTION, MANUFACTURE, AND COPYRIGHT NOTICE |
| Name of producer, publisher, distributor, manufacturer |
University Press of Colorado, |
| 300 ## - PHYSICAL DESCRIPTION |
| Extent |
1 online resource (1 p.) |
| 506 0# - RESTRICTIONS ON ACCESS NOTE |
| Terms governing access |
Access copy available to the general public. |
| Standardized terminology for access restriction |
Unrestricted |
| Source of term |
star |
| 520 ## - SUMMARY, ETC. |
| Summary, etc. |
Montgomery uses a multidisciplinary approach to examine questions of identity construction and multiracialism through the experiences of mixed-race Native American students at a tribal school in New Mexico. She explores the multiple ways in which these students navigate, experience, and understand their racial status and how this status affects their educational success and social interactions. Based on in-depth interviews with nine students who identify as mixed-race (Native American-White, Native American-Black, and Native American-Hispanic), Montgomery challenges us to scrutinize how the category of "mixed-race" bears different meanings for those who fall under it based on their their outward perceptions, including their ability to "pass" as one race or another. |
| 588 0# - SOURCE OF DESCRIPTION NOTE |
| Source of description note |
Description based on print version record. |
| 590 ## - LOCAL NOTE (RLIN) |
| Local note |
KU Select 2019: HSS Backlist Books |
| 650 #7 - SUBJECT ADDED ENTRY--TOPICAL TERM |
| Topical term or geographic name entry element |
Social Science / Ethnic Studies / American / Native American Studies |
| Source of heading or term |
bisacsh |
| 650 #0 - SUBJECT ADDED ENTRY--TOPICAL TERM |
| Topical term or geographic name entry element |
Social sciences |
| 655 #0 - INDEX TERM--GENRE/FORM |
| Genre/form data or focus term |
Electronic books. |
| 758 ## - |
| -- |
Is found in: |
| -- |
Knowledge Unlatched |
| -- |
https://openresearchlibrary.org/module/2774bc74-146a-484f-a7ba-ab1d6a09bbfb |
| 856 40 - ELECTRONIC LOCATION AND ACCESS |
| Uniform Resource Identifier |
<a href="https://openresearchlibrary.org/content/c7369cdc-91a3-4dc1-9b86-639d0ff1279e">https://openresearchlibrary.org/content/c7369cdc-91a3-4dc1-9b86-639d0ff1279e</a> |
| Public note |
View this content on Open Research Library. |
| -- |
0 |